[Event "Wch U16 Girls"]
[Site "Porto Carras"]
[Date "2018.10.20"]
[Round "1"]
[White "Muetsch, Annmarie"]
[Black "Xing, Ashley"]
[Result "1-0"]
[WhiteElo "2206"]
[BlackElo "1889"]
[PlyCount "41"]
[EventDate "2018.10.20"]
[EventType "swiss"]
[EventRounds "11"]
[EventCountry "GRE"]
[SourceTitle "CBM 187 Extra"]
[Source "ChessBase"]
[SourceDate "2018.11.04"]
[SourceVersion "1"]
[SourceVersionDate "2018.11.04"]
[SourceQuality "1"]

1. e4 e5 2. Nf3 Nc6 3. d4 exd4 4. Nxd4 Bc5 5. Nb3 Bb6 6. Nc3 Nge7 7. Bf4 d6 8. Qd2 Be6 9. 0-0-0 0-0 10. Kb1 Ng6 11. Bg3 f5 12. f4 fxe4 13. Nxe4 Kh8 14. Ng5 Bg4 15. Re1 Qf6 16. h3 Bd7 17. Bc4 Nd4 18. Nxd4 Qxd4 19. Qxd4 Bxd4 20. Nf7+ Kg8 21. Ne5+ 1-0